[Event "CAN-ch U14"]
[Site "Windsor"]
[Date "2016.07.08"]
[Round "6.31"]
[White "Chertkow, Matthew"]
[Black "Lehingrat, Callum"]
[Result "0-1"]
[WhiteElo "1325"]
[BlackElo "1688"]
[PlyCount "106"]
[EventDate "2016.07.05"]
[EventType "swiss"]
[EventRounds "7"]
[EventCountry "CAN"]
[SourceTitle "EXT 2022"]
[Source "ChessBase"]
[SourceDate "2021.10.06"]
[SourceVersion "1"]
[SourceVersionDate "2021.10.06"]
[SourceQuality "1"]

1. e4 c5 2. Nf3 d6 3. d4 cxd4 4. Nxd4 Nf6 5. Nc3 a6 6. f3 e6 7. Be3 b5 8. Bd3 Nbd7 9. 0-0 Bb7 10. Qd2 Rc8 11. a3 Be7 12. a4 b4 13. Nce2 d5 14. b3 dxe4 15. fxe4 Nxe4 16. Bxe4 Bxe4 17. Nf4 Nf6 18. Qe2 e5 19. Nde6 fxe6 20. Nxe6 Qd5 21. Nxg7+ Kf7 22. Rad1 Qb7 23. Qh5+ Bg6 24. Qh3 Kxg7 25. Bh6+ Kf7 26. Rxf6+ Ke8 27. Re6 Rd8 28. Rxd8+ Kxd8 29. Qg3 Qc7 30. Qf3 e4 31. Qd1+ Kc8 32. h3 Rd8 33. Qg4 Qc5+ 34. Kh2 Bf5 35. Qe2 Bxe6 36. Qxa6+ Kb8 37. Bf4+ Bd6 38. Bxd6+ Qxd6+ 39. Qxd6+ Rxd6 40. Kg1 Rd2 41. Kf1 Rxc2 42. Ke1 Rxg2 43. Kf1 Rb2 44. a5 Rxb3 45. a6 Rc3 46. h4 b3 47. Ke1 b2 48. a7+ Kxa7 49. Kd2 Rc8 50. Ke3 b1Q 51. h5 Qd3+ 52. Kf2 Rc2+ 53. Ke1 Qe2# 0-1

[Event "CAN-ch U10"]
[Site "Richmond Hill"]
[Date "2011.07.07"]
[Round "4"]
[White "Shamroni, Dennis"]
[Black "Chertkow, Matthew"]
[Result "1-0"]
[WhiteElo "1210"]
[BlackElo "817"]
[PlyCount "51"]
[EventDate "2011.07.06"]
[EventType "swiss"]
[EventRounds "7"]
[EventCountry "CAN"]
[SourceTitle "EXT 2022"]
[Source "ChessBase"]
[SourceDate "2021.10.06"]
[SourceVersion "1"]
[SourceVersionDate "2021.10.06"]
[SourceQuality "1"]

1. e4 e5 2. Nf3 Nc6 3. d4 d5 4. dxe5 dxe4 5. Qxd8+ Kxd8 6. Ng5 Ke8 7. Nxe4 Nb4 8. Bd3 Be6 9. a3 Nc6 10. Bf4 Nh6 11. 0-0 Rg8 12. Ng5 Bd5 13. Bxh7 Rh8 14. Be4 Bxe4 15. Nxe4 Ng4 16. Nbc3 Nd4 17. h3 Nxc2 18. Rac1 Nd4 19. hxg4 b5 20. Be3 Rd8 21. Bxd4 Rxd4 22. Rfd1 Rc4 23. Ng3 Rxg4 24. Nxb5 Rgh4 25. Nxc7+ Ke7 26. Nf5# 1-0